书目信息 |
| 题名: |
Mathematica基础培训教程
|
|
| 作者: | 李汉龙 主编 | |
| 分册: | ||
| 出版信息: | 北京 国防工业出版社 2016 |
|
| 页数: | 402页 | |
| 开本: | 26cm | |
| 丛书名: | ||
| 单 册: | ||
| 中图分类: | O245 , TP317 | |
| 科图分类: | ||
| 主题词: | Mathematica软件--教材 , 软件 | |
| 电子资源: | ||
| ISBN: | 978-7-118-10396-0 | |
| 000 | 00894nam0 2200253 450 | |
| 001 | 1146 | |
| 005 | 20161008080528.05 | |
| 010 | @a978-7-118-10396-0@b平装@dCNY45.00 | |
| 100 | @a20151217d2016 em y0chiy50 ea | |
| 101 | 0 | @achi |
| 102 | @aCN@b110000 | |
| 105 | @aa z 000yy | |
| 200 | 1 | @aMathematica基础培训教程@9Mathematica ji chu pei xun jiao cheng@f李汉龙[等]主编 |
| 210 | @a北京@c国防工业出版社@d2016 | |
| 215 | @a402页@c图@d26cm | |
| 304 | @a主编还有:隋英、缪淑贤、韩婷 | |
| 330 | @a本书通过大量精选的实例,讲解Mathematica的符号运算、图形、高精度计算、程序设计等基本功能,介绍它在高等数学、线性代数、微分方程、概率统计、计算方法、运筹学与数学建模等课程中的应用。 | |
| 606 | 0 | @aMathematica软件@j教材 |
| 606 | 0 | @a软件 |
| 690 | @aO245@v5 | |
| 690 | @aTP317@v4 | |
| 701 | 0 | @a李汉龙@9li han long@4主编 |
| 801 | 0 | @aCN@b唐山师范学院图书馆@c20160830 |
| 905 | @aZUCC@dO245@e36 | |
| Mathematica基础培训教程/李汉龙[等]主编.-北京:国防工业出版社,2016 |
| 402页:图;26cm |
| ISBN 978-7-118-10396-0(平装):CNY45.00 |
| 本书通过大量精选的实例,讲解Mathematica的符号运算、图形、高精度计算、程序设计等基本功能,介绍它在高等数学、线性代数、微分方程、概率统计、计算方法、运筹学与数学建模等课程中的应用。 |
| ● |
| 相关链接 |
|
|
|
|
正题名:Mathematica基础培训教程
索取号:O245/36
 
预约/预借
| 序号 | 登录号 | 条形码 | 馆藏地/架位号 | 状态 | 备注 |
| 1 | 907071 | 209070716 | 第二样本阅览室/ [索取号:O245/36] | 在馆 | |
| 2 | 907072 | 209070725 | 第三借阅区/ [索取号:O245/36] | 在馆 | |
| 3 | 907073 | 209070734 | 第三借阅区/ [索取号:O245/36] | 在馆 | |
| 4 | 907074 | 209070743 | 第三借阅区/ [索取号:O245/36] | 在馆 | |
| 5 | 907075 | 209070752 | 第三借阅区/ [索取号:O245/36] | 在馆 |